Statistics for Stephen King Movie Quotes

Click here to take the quiz!

General Stats

  • This quiz has been taken 148 times
  • The average score is 6 of 15

Answer Stats

HintAnswer% Correct
"We all float down here"
It
95%
"Here's Johnny!"The Shining
95%
"I am your number one fan"Misery
75%
"I'll sic my dog on you"Cujo
65%
"Show me a man or a woman alone and I'll show you a saint"The Stand
50%
"I's afraid of the dark"The Green Mile
45%
"And then the world exploded"Carrie
40%
"Let's get back to your mama"Doctor Sleep
25%
"No one likes to see a government folder with his name on it"Firestarter
20%
"There is no gain without risk,"Pet Sematary
20%
"You're only made of moonlight"Gerald's Game
10%
"The longer you went without speaking, the harder it gets to break the silence"The Long Walk
10%
"What do you want, Mr. Enslin?"1408
5%
"There's a dark well in everyone, I think, and it never goes dry"Fairy Tale
5%
"Its been quiet a while"The Boogeyman
5%

Score Distribution

Percentile by Number Answered

Percent of People with Each Score

Your Score History

You have not taken this quiz